[Event "Ilmar Raud Memorial 2020"]
[Site "Viljandi"]
[Date "2020.07.06"]
[Round "1.1"]
[White "Meshkovs, Nikita"]
[Black "Krivenko, Dion"]
[Result "1-0"]
[WhiteElo "2582"]
[BlackElo "2046"]
[Annotator "TA"]
[PlyCount "47"]
[EventDate "2020.07.08"]
[EventCountry "EST"]
[SourceTitle "playchess.com"]
[Source "ChessBase"]
[SourceQuality "1"]

{[%evp 9,47,22,31,6,12,11,32,6,9,8,25,-46,-4,-20,0,0,0,-8,44,42,49,56,45,38,55,55,61,50,55,90,76,16,73,66,117,116,112,114,634,632]} 1. d4 Nf6 2. Nf3 g6 3. Nbd2 d5 4. e3 Bg7 5. b4 O-O 6. Bb2 {D02: 1 d4 d5 2 Nf3 sidelines, including 2...Nf6 3 g3 and 2...Nf6 3 Bf4.} a5 7. b5 c5 8. bxc6 {White is slightly better.} Nxc6 9. Be2 {[#]} a4 $146 ({Predecessor:} 9... Bf5 10. O-O Qb6 11. Ba3 Rfd8 12. c3 a4 13. Qc1 Rac8 14. Bc5 Qa5 15. Qb2 Nd7 {1-0 (50) Sargissian,G (2680)-Puranik,A (2514) Abu Dhabi 2018}) 10. a3 (10. Ba3 $11) 10... Bf5 11. O-O Qb6 12. Rb1 Rfc8 13. Nh4 Na5 (13... Be6 $11) 14. Nxf5 $14 gxf5 15. Bc3 Qc7 16. Bxa5 Rxa5 17. c4 e5 18. dxe5 Ne4 19. Nxe4 dxe4 20. Qe1 (20. f4 $16) 20... Ra6 (20... b6 $11) 21. Rb5 Bxe5 (21... Bf8 $14) 22. g3 $16 Qe7 23. Qd1 Rd8 $2 {[%mdl 8192] [#]} (23... Rc7 $16) 24. Rxe5 $1 {[%mdl 576] Double Attack. Accuracy: White = 72%, Black = 55%.} 1-0

[Event "Ilmar Raud Memorial 2020"]
[Site "Viljandi"]
[Date "2020.07.06"]
[Round "1.2"]
[White "Tsiganova, Monika"]
[Black "Neiksans, Arturs"]
[Result "0-1"]
[WhiteElo "2029"]
[BlackElo "2557"]
[Annotator "TA"]
[PlyCount "62"]
[EventDate "2020.07.08"]
[EventCountry "EST"]
[SourceTitle "playchess.com"]
[Source "ChessBase"]
[SourceQuality "1"]

{[%evp 9,62,2,10,6,8,9,10,4,3,-20,-24,-43,-11,-22,-20,-27,-29,-28,-25,-28,-27,-25,-25,-33,-30,-28,0,5,32,28,32,18,16,0,16,0,0,0,0,0,0,0,52,64,61,16,12,0,0,-51,-31,-45,-34,-422,-422]} 1. d4 f5 2. Nf3 Nf6 3. Nc3 e6 4. Bg5 Bb4 5. e3 d6 6. Bd3 {[#] A80: Dutch Defence: Unusual White second moves.} h6 $146 ({Predecessor:} 6... O-O 7. O-O Bxc3 8. bxc3 Qe8 9. Bxf6 Rxf6 10. e4 fxe4 11. Bxe4 Qh5 12. Rb1 c6 {½-½ (57) Lueckerath,K-Just,G (2015) Germany 1996}) 7. Bxf6 Qxf6 8. Qe2 {The position is equal.} e5 {[#] aiming for ...e4.} 9. dxe5 dxe5 {Hoping for ...e4.} 10. Bc4 Nd7 11. Bb3 c6 12. Qc4 Be7 13. Qe6 e4 14. Nd4 Nc5 15. Qxf6 Bxf6 16. Bc4 b5 {[%cal Bb7b5,Bb5b4][%mdl 32]} 17. Be2 b4 18. Bh5+ Kf8 19. Nce2 Na4 20. Nf4 c5 21. Ng6+ Kg8 22. Nc6 Kh7 23. Nxh8 Kxh8 24. O-O Bd7 25. Na5 Bxb2 ({Better is} 25... Nxb2 $11 26. Bg6 Rf8) 26. Rad1 $1 $14 {[%cal Rd1d7]} Bb5 27. Bg6 Bf6 28. Bxf5 Nc3 29. Nb3 (29. Rfe1 $11) 29... Bxf1 $15 30. Rxf1 Re8 31. Nxc5 $2 {[%mdl 8192] [#]} (31. g4 $15) 31... Re5 {[%mdl 64] Double Attack. Accuracy: White = 79%, Black = 84%.} 0-1

[Event "Ilmar Raud Memorial 2020"]
[Site "Viljandi"]
[Date "2020.07.06"]
[Round "1.3"]
[White "Kulaots, Kaido"]
[Black "Bondarenko, Dmitry"]
[Result "1-0"]
[WhiteElo "2524"]
[BlackElo "1944"]
[Annotator "TA"]
[PlyCount "71"]
[EventDate "2020.07.08"]
[EventCountry "EST"]
[SourceTitle "playchess.com"]
[Source "ChessBase"]
[SourceQuality "1"]

{[%evp 9,71,45,63,55,67,54,64,51,53,54,55,60,63,63,58,52,55,39,41,31,35,36,32,0,0,0,0,0,143,101,237,233,333,323,364,354,339,223,214,211,349,354,793,785,785,777,797,763,786,786,894,973,868,894,1209,1170,1137,1180,1025,957,29975,29976,29971,29967]} 1. e4 c6 2. d4 d5 3. Nc3 Nf6 4. e5 Ng8 {[#]} 5. h3 $146 ({Predecessor:} 5. f4 e6 6. Nf3 Ne7 7. Bd3 c5 8. O-O cxd4 9. Nxd4 a6 10. Nce2 g6 11. c3 Nbc6 12. Kh1 {½-½ (61) Knoll,M (2018)-Bachner,K (1997) Playchess.com INT 2020}) 5... e6 6. Nf3 {B15: Caro-Kann: 3 Nc3: 3...g6 and 3...dxe4 4 Nxe4 Nf6 5 Nxf6+ exf6.} b6 7. Bd3 Ba6 8. Ne2 {[%cal Bc3e2,Be2f4,Bf4e6][%mdl 32] White is slightly better.} Qc8 9. O-O Bxd3 10. Qxd3 Qa6 11. Qd1 Ne7 12. Nf4 g6 13. g4 c5 14. c3 Nd7 15. Ng5 {Qf3 is the strong threat.} h6 $1 {[%cal Rh6g5]} 16. Ngxe6 fxe6 17. Nxe6 {Strongly threatening Nc7+.} Rc8 18. f4 Rc6 (18... cxd4 $11 {keeps the balance.} 19. cxd4 Qc4) 19. f5 $16 gxf5 {Now Black is done in.} (19... Qc4 $16 {keeps fighting.}) 20. gxf5 $18 {Intending Qh5+ and mate.} Rg8+ (20... Nb8 $142 21. Nxf8 Kxf8) 21. Kh2 Rxe6 22. fxe6 Nb8 23. Rf2 Nbc6 24. Be3 {And now Qf3 would win.} cxd4 (24... Bg7 {was necessary.} 25. Rf7 Qb5) 25. cxd4 Qc8 $2 (25... Bg7 26. Rc1 Kd8) 26. Qh5+ Kd8 27. Rg1 {Threatens to win with Rxg8.} Rh8 28. Qf7 Kc7 29. Qf6 Rg8 30. Rxg8 Nxg8 31. Qxf8 Qxe6 32. Qf7+ Qxf7 33. Rxf7+ Nce7 {[#]} 34. Bxh6 $1 Kd7 (34... Nxh6 35. Rxe7+) 35. Bg5 Ke6 {[#]} 36. Rxe7+ $1 {Accuracy: White = 87%, Black = 53%.} 1-0

[Event "Ilmar Raud Memorial 2020"]
[Site "Viljandi"]
[Date "2020.07.06"]
[Round "1.4"]
[White "Rychagov, Nikita"]
[Black "Laurusas, Tomas"]
[Result "0-1"]
[WhiteElo "1943"]
[BlackElo "2511"]
[Annotator "TA"]
[PlyCount "90"]
[EventDate "2020.07.08"]
[EventCountry "EST"]
[SourceTitle "playchess.com"]
[Source "ChessBase"]
[SourceQuality "1"]

{[%evp 9,90,65,80,87,81,46,43,19,36,21,21,21,21,13,16,0,8,0,10,-29,0,0,9,4,28,54,48,36,30,28,43,43,121,116,110,53,83,0,4,-81,0,-100,-133,-197,-207,-222,-177,-546,-543,-744,-718,-718,-731,-1095,-984,-29979,-29975,-29971,-6308,-5804,-961,-909,-960,-960,-939,-947,-931,-908,-886,-945,-868,-962,-953,-941,-924,-1162,-1130,-1726,-929,-29984,-12835,-29978,-12816]} 1. e4 c6 2. d4 d5 3. Nc3 a6 4. Bd3 b5 5. Nf3 Bg4 6. h3 {B15: Caro-Kann: 3 Nc3: 3...g6 and 3...dxe4 4 Nxe4 Nf6 5 Nxf6+ exf6.} Bh5 {[#]} 7. a3 $146 ({Predecessor:} 7. Bg5 h6 8. Be3 e6 9. g4 Bg6 10. Ne5 Ne7 11. Qe2 Nd7 12. Nxg6 Nxg6 13. O-O-O {1-0 (31) Epishin,V (2567)-Shirazi,K (2414) Saint Vincent 2000}) 7... e6 8. O-O {White is slightly better.} Nf6 9. e5 Nfd7 $1 10. g4 Bg6 11. Ne2 c5 12. c3 Nc6 13. Be3 Be7 14. Ng3 c4 15. Bc2 a5 16. Ne1 b4 17. f4 {Strongly threatening Ba4.} Bxc2 18. Qxc2 bxc3 19. bxc3 Rb8 20. f5 {Hoping for fxe6.} g6 ({Black should play} 20... Bg5 $14 21. Qc1 Bxe3+ 22. Qxe3 O-O) 21. Qf2 $16 ({Much weaker is} 21. fxe6 $6 fxe6 22. Nf3 (22. Qf2 Rf8 $11) 22... O-O $11) 21... Nb6 22. fxe6 (22. a4 $16) 22... fxe6 $14 23. Qf7+ (23. a4 $1 $16) 23... Kd7 $11 24. Bh6 (24. a4 $11) 24... Qg8 (24... Na4 $1 $17 25. Rc1 (25. Rf6 Qg8 $17) 25... Qg8) 25. Qf3 (25. Qxg8 $11 Rhxg8 26. a4) 25... Na4 $17 {White is on the road to losing.} 26. Ng2 (26. Bd2 $17) 26... Rb3 $1 $19 {[%csl LRa3,LRc3]} 27. Ne2 g5 {And now ...Qg6 would win.} ({Don't go for} 27... Rxa3 $2 28. Rxa3 Bxa3 29. Ra1 $18) 28. Ne3 $2 (28. h4) 28... Nxc3 29. Nxc4 Nxe2+ (29... dxc4 $2 30. Nxc3 Qg6 31. d5 $17) 30. Qxe2 Qg6 31. Rac1 Qxh6 32. Nd2 Rg3+ 33. Kf2 Qh4 (33... Qxh3 $142 34. Ke1 Re3 35. Rxc6 Kxc6 36. a4 Bb4 $1 {[%mdl 512]} 37. Rf2 Rxe2+ 38. Kxe2 Bxd2 39. Rf6 Qxg4+ 40. Kf1 Rb8 41. Rxe6+ Qxe6 42. Ke2 Qh6 43. Kf2 Qh2+ 44. Kf3 Rf8+ 45. Kg4 h5#) 34. Qa6 Rc3+ 35. Ke2 Nxd4+ 36. Kd1 Rxc1+ 37. Kxc1 Rc8+ 38. Kb1 Nc6 39. Qd3 Qh6 40. Nc4 Rb8+ 41. Ka2 Qg6 42. Qd2 {[#]} Qe4 $1 43. Rc1 Qd4 44. Qe2 dxc4 (44... Bxa3 $142 45. Kxa3 Qc5+ {[%mdl 64] Pin} 46. Ka2 dxc4 47. Qd2+ Ke8 48. Rc3 Qb5 49. Qc1 Qa4+ 50. Ra3 Nb4+ 51. Kb2 Nd3+ $1 {[%mdl 576] Discovered Attack (Double check)} 52. Ka1 Qb4 53. Rxd3 cxd3 54. Qc6+ Kf8 55. Qd6+ Qxd6 56. exd6 d2 57. d7 d1=Q+ {[%mdl 64] Double Attack} 58. Ka2 Qa4#) 45. Rd1 {[#]} Rb2+ $1 {Accuracy: White = 47%, Black = 75%.} 0-1

[Event "Ilmar Raud Memorial 2020"]
[Site "Viljandi"]
[Date "2020.07.06"]
[Round "1.5"]
[White "Volodin, Aleksandr"]
[Black "Sirp, Karl Aleksander"]
[Result "1-0"]
[WhiteElo "2497"]
[BlackElo "1924"]
[Annotator "TA"]
[PlyCount "49"]
[EventDate "2020.07.08"]
[EventCountry "EST"]
[SourceTitle "playchess.com"]
[Source "ChessBase"]
[SourceQuality "1"]

{[%evp 14,49,38,38,36,27,85,50,77,82,95,79,84,75,116,113,110,92,108,100,165,131,112,122,120,126,218,152,146,141,171,170,212,195,571,579,581,556]} 1. d4 Nf6 2. c4 e6 3. Nf3 b6 4. a3 Bb7 5. Nc3 Be7 6. d5 O-O 7. e4 d6 8. Be2 exd5 {E12: Queen's Indian: Unusual White 4th moves, 4 a3, 4 Nc3 Bb7 5 a3 and 4 Nc3 Bb7 .} 9. exd5 Nbd7 (9... Re8 $11 {keeps the balance.}) 10. O-O Re8 {White is slightly better.} 11. Nd4 Bf8 12. Bg5 h6 13. Bh4 {[#]} Ne5 $146 ({Predecessor:} 13... g6 14. f4 Bg7 15. Bf3 a6 16. Qc2 Qe7 17. Rae1 Qf8 18. Rd1 Nh7 19. b4 Ndf6 {½-½ (93) Lenic,L (2465)-Andreikin,D (2495) Kirishi 2005}) 14. f4 Ng6 15. Bg3 a6 16. Bd3 Bc8 (16... b5 $16) 17. h3 Bd7 18. Qf3 Qc8 19. Bf2 h5 (19... Be7 $16 20. Rae1 Nh7) 20. Qg3 Ne7 21. Qg5 c5 22. dxc6 $1 Nxc6 23. Nd5 Qd8 $2 {[#]} (23... Nxd5 {is a better chance.} 24. Qxd5 Ne7 25. Qxh5 g6) 24. Nxc6 $18 Bxc6 25. Bxb6 {Accuracy: White = 84%, Black = 39%.} 1-0

[Event "Ilmar Raud Memorial 2020"]
[Site "Viljandi"]
[Date "2020.07.06"]
[Round "1.6"]
[White "Obolonin, Filipp"]
[Black "Miezis, Normunds"]
[Result "0-1"]
[WhiteElo "1922"]
[BlackElo "2489"]
[Annotator "TA"]
[PlyCount "129"]
[EventDate "2020.07.08"]
[EventCountry "EST"]
[SourceTitle "playchess.com"]
[Source "ChessBase"]
[SourceQuality "1"]

{[%evp 14,129,13,14,46,13,23,10,25,0,6,6,10,0,8,7,10,0,0,0,0,0,0,0,0,0,0,0,0,-16,-15,-20,-19,-31,-18,-29,-12,-22,-16,-25,-25,-25,0,0,0,0,0,0,0,0,27,27,34,34,34,0,27,77,52,61,72,0,0,0,0,0,0,0,1,0,140,140,140,140,157,158,189,175,170,64,72,74,34,57,58,0,8,8,12,0,0,0,8,8,8,-304,-249,-233,-179,-385,-366,-579,-563,-549,-559,-508,-515,-487,-485,-488,-484,-399,-367,-291,-235,-1006,-968,-862]} 1. d4 Nf6 2. Nf3 e6 3. g3 b5 4. Bg2 Bb7 5. Bg5 c5 6. c3 Na6 7. O-O Be7 8. Nbd2 cxd4 {A46: 1 d4 Nf6 2 Nf3 e6: Torre, London and Colle Systems.} 9. cxd4 Qb6 10. e3 O-O {[#] The position is equal.} 11. Rc1 $146 ({Predecessor:} 11. Ne5 Bxg2 12. Kxg2 d6 13. Bxf6 Bxf6 14. Nd3 Nb8 15. Qf3 Nd7 16. Rfc1 Rac8 17. b4 {½-½ (29) Maharramzade,J (2422)-Kaiumov,D (2471) Abu Dhabi 1999}) 11... h6 12. Bxf6 Bxf6 13. Ne1 Bxg2 14. Nxg2 Rac8 15. Qb3 Be7 16. a3 d5 17. Rc2 b4 18. a4 Rc6 19. Rfc1 Rfc8 20. Qd3 Nb8 {[%cal Ba6b8,Bb8d7,Bd7f6][%mdl 32]} 21. b3 Nd7 22. Nf3 Bd6 23. Nge1 Nf6 24. Nd2 g6 25. Rxc6 Rxc6 26. Rxc6 Qxc6 27. Qc2 Qa6 28. Nd3 Kg7 29. Nc1 e5 30. dxe5 Bxe5 31. Nf3 Bc3 32. Ne2 Ne4 33. Nf4 Nf6 34. Nh4 {[%cal Rh4g6]} g5 35. Nf5+ Kf8 36. Ne2 Ne4 37. Ned4 ({Better is} 37. g4 $16) 37... Nd2 $11 {[%csl Gd2][%cal Ra6f1]} 38. Qd1 Qd3 39. h3 a5 40. g4 Ke8 41. Nf3 Qb1 (41... Nxf3+ $11 {remains equal.} 42. Qxf3 f6) 42. Qxb1 $16 Nxb1 43. Nxh6 {[%mdl 4096] Endgame KBN-KNN} Bf6 44. Nf5 Kd7 45. Kf1 Nc3 46. Ne1 (46. N3d4 $18) 46... Ne4 $1 $14 47. Nd3 Nd2+ {[%mdl 64] Double Attack} 48. Ke2 Nxb3 49. Kd1 (49. f4 $1 $14) 49... Kc6 50. Kc2 Na1+ 51. Kb1 {aiming for Nd4+.} Nb3 $1 52. Kc2 Nc5 53. Nxc5 Kxc5 $11 {KB-KN} 54. Kb3 $2 {[%mdl 8192]} (54. f4 $1 $11 {and White stays safe.}) 54... d4 $1 $19 55. exd4+ Bxd4 56. f3 $2 {[#]} (56. h4 gxh4 57. Nxh4) 56... Bf2 $1 57. Nh6 (57. Kc2 $142 Kd5 58. Kd3) 57... f6 58. Ng8 Bd4 59. Ne7 Kd6 60. Ng6 {[#]} Bf2 $1 61. f4 {intending Kc4.} Kd5 62. fxg5 fxg5 63. Ne7+ Ke4 64. Nc6 $2 (64. Nf5 Kf3 65. Kc2) 64... Bb6 65. Kc4 {Quite a comeback for Black. Accuracy: White = 68%, Black = 88%.} 0-1

[Event "Ilmar Raud Memorial 2020"]
[Site "Viljandi"]
[Date "2020.07.07"]
[Round "2.1"]
[White "Keso, Elias"]
[Black "Meshkovs, Nikita"]
[Result "0-1"]
[WhiteElo "2301"]
[BlackElo "2582"]
[Annotator "TA"]
[PlyCount "102"]
[EventDate "2020.07.08"]
[EventCountry "EST"]
[SourceTitle "playchess.com"]
[Source "ChessBase"]
[SourceQuality "1"]

{[%evp 14,102,27,22,27,27,22,30,35,34,43,16,18,0,0,0,0,-5,0,0,0,0,10,-5,-6,-26,-26,-36,-13,-61,-53,-53,-52,-60,-60,-110,-108,-95,-96,-93,-100,-105,-77,-82,-77,-56,-61,-61,-76,-110,-78,-140,-141,-81,0,0,0,0,0,0,0,0,0,0,0,-219,-223,-213,112,119,100,91,86,0,0,0,0,-569,-552,-545,-456,-465,-459,-1488,-1397,-1300,-1242,-1601,-1384,-29977,-29976]} 1. e4 c5 2. Nf3 Nc6 3. d4 cxd4 4. Nxd4 e6 5. Nc3 a6 6. Be3 Qc7 7. a3 {Recently 7.Qf3 got a lot of attention.} b5 8. Nxc6 dxc6 {B48: Sicilian: Taimanov: 5 Nc3 Qc7 6 Be3 a6 without Be2.} 9. Qg4 Nf6 10. Qg3 Qxg3 {White has an edge.} 11. hxg3 Ng4 {[#]} 12. Bg5 $146 ({Predecessor:} 12. Bd2 e5 13. a4 Bb7 14. Bd3 Nf6 15. Ke2 Bd6 16. Nd1 Nd7 17. Ne3 g6 18. b4 {1-0 (73) Motylev,A (2685)-Safarli,E (2656) Shamkir 2014}) 12... Bc5 13. f3 Ne3 14. Kd2 Nxf1+ 15. Rhxf1 e5 16. Be3 Be7 17. Na2 c5 18. Nc3 Be6 19. Rad1 O-O-O+ 20. Kc1 Bc4 21. Nd5 (21. Rh1 {keeps more tension.} Rxd1+ 22. Nxd1 h6 23. Nf2 Rd8 24. Rd1) 21... Rxd5 22. exd5 Bxf1 23. Rxf1 $15 {[%mdl 4096] Endgame KRB-KRB} c4 24. Bb6 Kd7 25. Rd1 h5 26. Kd2 f5 27. Kc3 Rh6 28. Bf2 Rg6 29. a4 h4 30. axb5 axb5 31. Ra1 hxg3 32. Bg1 ({White should try} 32. Ba7) 32... Rh6 $17 33. Ra7+ Ke8 (33... Kd8 $17) 34. Ra8+ $1 $11 Kf7 35. Ra7 {Strongly threatening Bc5.} Kf6 36. f4 $1 {[%cal Rf4e5] aiming for fxe5+.} Bd6 ({Don't blunder} 36... exf4 $2 37. Bd4+ Kg5 38. Rxe7 $18) 37. Rd7 $1 {[%cal Rd7d6]} Bf8 38. Rd8 $1 {[%cal Rd8f8]} Be7 $1 {[%cal Re7d8]} 39. fxe5+ $2 (39. Rd7 $11 {and White is okay.} Bf8 40. Rd8) 39... Kxe5 $19 40. Bd4+ Kf4 $2 ({Black should play} 40... Ke4 $1 $19 41. Rd7 Bd6 42. Bxg7 Rg6) 41. Re8 $1 $16 {[%cal Re8e7]} Bf6 42. Bxf6 Rxf6 {[#] KR-KR} 43. Kd4 (43. Re7 $1 $16) 43... Kg4 $11 44. Rg8 Rf7 {...f4 is the strong threat.} 45. Ke5 $2 {[%mdl 8192]} (45. Re8 $1 $11 {and White has nothing to worry.}) 45... Re7+ $19 46. Kd6 {[#]} Re2 $1 {[%csl LRc2,LRg2][%mdl 64] Double Attack} 47. Rxg7+ Kf4 48. Re7 (48. Kc7 $142 c3 49. bxc3 Rxg2 50. d6 Rxc2 51. d7 Rxc3+ 52. Kb6) 48... Rxg2 49. Re5 Kg4 50. Ke6 Rd2 51. Rxf5 Re2+ {Accuracy: White = 67%, Black = 85%.} 0-1

[Event "Ilmar Raud Memorial 2020"]
[Site "Viljandi"]
[Date "2020.07.07"]
[Round "2.2"]
[White "Neiksans, Arturs"]
[Black "Valner, Uku"]
[Result "1-0"]
[WhiteElo "2557"]
[BlackElo "2302"]
[Annotator "TA"]
[PlyCount "123"]
[EventDate "2020.07.08"]
[EventCountry "EST"]
[SourceTitle "playchess.com"]
[Source "ChessBase"]
[SourceQuality "1"]

{[%evp 18,123,25,30,50,41,51,59,66,0,64,34,37,16,39,36,28,46,35,0,0,0,0,0,0,0,0,0,0,0,0,0,0,0,0,0,0,0,0,-11,-9,-13,0,0,0,0,24,20,20,22,25,14,30,30,30,30,44,38,58,68,71,59,77,61,68,60,68,68,73,57,73,44,46,47,69,50,63,40,74,24,33,0,14,0,0,0,0,-15,0,0,0,0,0,0,0,0,0,0,0,0,12837,12837,12837,12838,12838,12834,29987,29988]} 1. Nf3 e6 2. g3 Nf6 3. Bg2 d5 4. O-O Bd6 5. c4 O-O 6. d4 c6 7. Nc3 Ne4 8. Qc2 f5 9. Rb1 Nd7 10. b4 a6 {A90: Dutch Defence: Miscellaneous and Modern Stonewall (with ...Bd6).} 11. a4 Ndf6 12. c5 {[#] And now b5 would win.} Bc7 {[#] White is slightly better.} 13. b5 $146 (13. Nd1 $14) ({Predecessor:} 13. Bf4 Bxf4 14. gxf4 Qe8 15. Na2 Nh5 16. e3 Rf6 17. Ne5 Rh6 18. f3 Nef6 19. Nc1 {½-½ (35) Frank,E (2177)-Matt,F (2347) St Johann im Pongau 2016}) 13... Qe8 (13... Nxc3 $11 14. Qxc3 axb5) 14. bxc6 Qxc6 15. Bf4 Bxf4 16. gxf4 Nxc3 17. Qxc3 Qxa4 18. Ne5 Qe8 $1 19. Rb3 Nd7 {[%cal Bf6d7,Bd7b8,Bb8c6][%mdl 32]} 20. Nd3 Nb8 21. Ra1 Ra7 22. Qb2 Nc6 23. e3 Rf7 24. Bf1 Rc7 25. Be2 Bd7 26. Rb6 Qe7 27. Kh1 Be8 28. Qd2 Qh4 29. Qd1 Qe7 30. Qg1 Nd8 31. Qg5 Qxg5 (31... Kf8 {with more complications.} 32. Kg1 a5 33. h4 Rc8 34. Ra3 Nc6) 32. fxg5 Kf8 33. Kg2 Ke7 34. Kf1 $36 {[%mdl 2048] White has good play.} Ra8 35. Nf4 Bc6 36. h4 Rcc8 37. Ke1 {[%mdl 1024] White has compensation.} Rc7 38. Kd2 Bd7 39. Bd3 {Threatens to win with Bxf5!} Bc6 40. f3 Rac8 41. Re1 Kf7 42. h5 Kf8 43. Bb1 Rd7 44. Kc3 Re7 45. g6 h6 46. Bd3 Ke8 47. Kb2 Kd7 48. Re2 Rc7 49. Ka3 Kc8 50. e4 (50. Rf2 {feels hotter.} Kb8 51. Ng2 e5 52. Bxf5 Bd7 53. Rd6) 50... fxe4 51. fxe4 dxe4 52. Bxe4 Bxe4 (52... Bb5 {keeps more tension.} 53. Rf2 Kb8 54. Kb2 Ka7 55. Rd6 Red7) 53. Rxe4 Rcd7 54. Kb2 Nc6 55. Kc3 e5 56. dxe5 Nxe5 57. Rd6 {[#] Black must now prevent Nd5.} Nc6 58. Nd5 {Strongly threatening Rxe7.} Rxd6 $4 {[%mdl 8192]} (58... Rxe4 $11 59. Nb6+ Kb8 60. Rxd7 Re7) 59. Nxe7+ $18 Nxe7 60. cxd6 Nf5 61. Re5 Ng3 62. Kc4 {Accuracy: White = 88%, Black = 90%.} 1-0

[Event "Ilmar Raud Memorial 2020"]
[Site "Viljandi"]
[Date "2020.07.07"]
[Round "2.3"]
[White "Haavamae, Henrik"]
[Black "Kulaots, Kaido"]
[Result "0-1"]
[WhiteElo "2210"]
[BlackElo "2524"]
[Annotator "TA"]
[PlyCount "104"]
[EventDate "2020.07.08"]
[EventCountry "EST"]
[SourceTitle "playchess.com"]
[Source "ChessBase"]
[SourceQuality "1"]

{[%evp 17,104,0,0,0,10,0,0,0,0,0,0,-39,-37,-33,-33,-35,36,0,65,98,96,100,100,99,95,96,99,-141,-150,-156,-84,-143,-91,-77,-83,-201,-186,-845,-821,-818,-810,-803,0,-158,0,-796,-796,-521,-137,-140,-143,-293,-297,-232,-235,-239,-154,-1581,-95,-94,-87,-89,-94,-98,-89,-142,-154,-225,-142,-746,-721,-1677,-1651,-1628,-1587,-1427,-1331,-1665,-1554,-1702,-1704,-1527,-1504,-903,-895,-895,-857,-5202,-5110]} 1. e4 c5 2. Nf3 Nc6 3. d4 cxd4 4. Nxd4 e6 5. Nc3 a6 6. Be3 Nf6 7. Bd3 d5 8. exd5 exd5 9. O-O Bd6 10. h3 {B46: Sicilian: Taimanov: 5 Nc3 a6.} O-O 11. Re1 (11. Bf5 Nxd4 12. Bxc8 Nxc2 13. Bxb7 Nxe3 14. fxe3 Rb8 15. Bxd5 Rxb2 16. Qd4 Rb4 17. Qd3 Qe7 18. Rf5 g6 19. Rf3 {0-1 (25) Haavamae,H (2019)-Kulaots,K (2568) Viljandi 2016}) 11... Re8 12. Qd2 {The position is equal.} h6 {[#]} 13. Rad1 $146 ({Predecessor:} 13. Nxc6 bxc6 14. Bf4 Be6 15. Bxd6 Qxd6 16. Rad1 c5 17. b3 Qc7 18. Qc1 Rec8 19. Bf1 {1-0 (46) Frhat,A (2393)-Kalegin,E (2510) Dubai 2008}) 13... Ne5 14. Nf5 Bxf5 $1 15. Bxf5 Nc4 {[%mdl 64] Double Attack} 16. Qc1 $1 Rxe3 (16... Re5 $15 17. Bd3 Nxe3 18. Rxe3 Qb6 19. Rxe5 Bxe5) 17. fxe3 $14 Bc7 (17... Bg3 $11) 18. Nxd5 $1 {[%mdl 64] Deflection} Nxd5 19. Be4 Qd6 {Threatens to win with ...Qh2+.} 20. Bxd5 Qh2+ 21. Kf1 Bg3 22. Bxc4 $2 (22. Rd4 $16 {and life is bright.} Nxb2 23. Ke2 (23. Bxb7 Rb8 $16) 23... Bxe1 24. Qxe1) 22... Qh1+ $17 23. Ke2 Qxg2+ 24. Kd3 {[#] Hoping for Rf1.} Bxe1 (24... b5 $142 $1 {[%cal Rb5c4]} 25. Bxf7+ Kxf7) 25. Rxe1 {aiming for Rf1.} b5 26. b3 (26. Bxf7+ $17 Kxf7 27. Rf1+ Kg8 28. Rf4) 26... bxc4+ $19 27. Kxc4 $2 {[%mdl 4096] Endgame KQR-KQR} (27. Kc3) 27... Rc8+ 28. Kd3 Qd5+ 29. Ke2 Qg2+ $2 (29... Qh5+ $19 {has better winning chances.} 30. Kd3 Rd8+ 31. Kc4 Qb5+ 32. Kc3 Qe5+ 33. Kb4 Rb8+ 34. Ka3 Rb5) 30. Kd3 $17 Qd5+ $2 (30... h5 $17 31. Rf1 Qxh3) 31. Ke2 $19 Qh5+ 32. Kd3 Qxh3 $2 (32... Rd8+ $19 33. Kc3 Qe5+ 34. Kb4 Rb8+ 35. Ka3 Rb5) 33. c4 $17 Qh2 34. Qc2 (34. a4 $17 {was called for.}) 34... Rd8+ $19 35. Kc3 Qe5+ 36. Kb4 Qe7+ 37. c5 $2 (37. Kc3 $17) 37... a5+ $2 (37... Qh4+ $19 38. Qc4 Qxe1+ 39. Ka4 Qxe3) 38. Ka3 $17 h5 39. Kb2 Qe5+ 40. Kb1 h4 41. a3 ({Better is} 41. c6) 41... h3 42. c6 (42. a4 $17) 42... g5 43. c7 $2 {[%mdl 8192]} (43. Rf1 $17) 43... Rc8 $19 {Black is clearly winning.} 44. Rc1 {[#]} Rxc7 $3 {[%mdl 576] Deflection} 45. Qxc7 Qxc7 46. Rxc7 {KR-KP} h2 47. Rc1 g4 48. Kc2 g3 49. Rh1 g2 50. Rxh2 g1=Q {[%mdl 64] Double Attack} 51. Re2 Qa1 52. b4 a4 {Accuracy: White = 43%, Black = 62%.} 0-1

[Event "Ilmar Raud Memorial 2020"]
[Site "Viljandi"]
[Date "2020.07.07"]
[Round "2.4"]
[White "Laurusas, Tomas"]
[Black "Vorobjov, Pavel"]
[Result "1-0"]
[WhiteElo "2511"]
[BlackElo "2269"]
[Annotator "TA"]
[PlyCount "29"]
[EventDate "2020.07.08"]
[EventCountry "EST"]
[SourceTitle "playchess.com"]
[Source "ChessBase"]
[SourceQuality "1"]

{[%evp 9,29,18,72,48,68,51,85,114,112,104,95,80,160,139,429,378,345,329,338,352,607,613]} 1. d4 d5 2. Bg5 h6 3. Bh4 c5 4. dxc5 Qa5+ 5. Nd2 {[#]} e5 $146 (5... Nc6 $11 {keeps the balance.}) ({Predecessor:} 5... Bf5 6. Ngf3 Qxc5 7. Nb3 Qxc2 8. Qxc2 Bxc2 9. Nbd4 Ba4 10. Rc1 Nc6 11. e3 e6 12. b3 Nxd4 13. Nxd4 {½-½ (68) Milovic,A (2191)-Sahl,S (2180) Heraklion 2017}) 6. c3 {D00: 1 d4 d5: Unusual lines.} Qxc5 7. e4 dxe4 8. Nxe4 {[%csl Gh4][%cal Rd1d8] White is better.} Qc7 {[#]} 9. Nf3 $1 {[%cal Rf3e5] Hoping for Nxe5.} Nc6 {With the idea ...f5.} 10. Bb5 Be6 (10... f6 $142) 11. Bg3 $36 {[%mdl 2048] Nxe5 is the strong threat. White has strong initiative.} Ke7 $2 {[%mdl 8192]} (11... f6 $16) 12. O-O Rd8 13. Qe2 f6 14. Nc5 Bg4 $2 {[#]} (14... Bd5 15. Rad1 Kf7) 15. Qc4 {Black did not feel at home in the position after the opening. Accuracy: White = 100%, Black = 36%.} 1-0